000 00556nam a22001937a 4500
003 OSt
005 20210420074142.0
008 201202s1952 ||||| |||| 00| 0 eng d
040 _aeng
_beng
_cDLC
041 _aeng
080 _a821.111
_bC-90
100 _9448
_aCronin, A. J.
245 _aAdventures in Two World
_c/ by : McGraw-Hill Book Company
260 _aNew York
_bMcGraw-Hill Book Company
_c1952
300 _a331 p.
650 0 _9254
_aEnglish literature
653 _aინგლისური ლიტერატურა
942 _2udc
_cBK
999 _c544
_d544